<The> world almanac and book of facts 2008 <the> authority since 1868

Salvato in:
Dettagli Bibliografici
Natura: Libro
Lingua:inglese
Pubblicazione: New York World Almanac Books 2008
Edizione:140 th anniversary ed.
Soggetti:
Tags: Aggiungi Tag
Nessun Tag, puoi essere il primo ad aggiungerne!!

MARC

LEADER 00000nam$a2200000$$$4500
001 0070485
005 20230120102708.1
020 |a 978-1-60057-072-8 
020 |a 1-60057-072-0 
041 0 |a eng 
044 |a US 
245 1 0 |a <The> world almanac and book of facts 2008  |b <the> authority since 1868 
250 |a 140 th anniversary ed. 
264 1 |a New York  |b World Almanac Books  |c 2008 
300 |a 1008 s.  |e 2 CD-ROM (InfoUSA) 
610 2 0 |a informácie faktografické 
610 2 0 |a politika hospodárska 
610 2 0 |a obchod 
610 2 0 |a energia 
610 2 0 |a kriminalita 
610 2 0 |a sily ozbrojené 
610 2 0 |a zdravie 
610 2 0 |a štatistika 
610 2 0 |a veda 
610 2 0 |a technológia 
610 2 0 |a spotrebitelia 
610 2 0 |a informácie 
610 2 0 |a vláda 
610 2 0 |a história 
610 2 0 |a voľby 
610 2 0 |a mestá 
610 2 0 |a štát 
610 2 0 |a populácia 
610 2 0 |a kultúra 
610 2 0 |a šport 
610 2 0 |a svet 
610 2 0 |a USA